000 00691nam a2200205 i 4500
001 110515
003 ES-MaACL
005 20230906185055.0
007 t|
008 061121s1980 sp r ||||1| spa d
110 2 _aFrancia.
_bOffice National de la Chasse.
_94170
245 1 0 _aCría de la perdiz gris (Perdix perdix) y de la perdiz roja (Alectoris rufa) /
_ctraducción del francés por G. Díaz Rodríguez-Ponga.
250 _a2ª. ed.
260 _aMadrid :
_bMundi,
_c1980.
300 _a137 p. :
_bil. ;
_c22 cm.
504 _aBibliografía: p. 131.
650 4 _aPerdices.
_9166376
700 1 _aDíaz Rodríguez-Ponga, Gonzalo.
_944413
852 _aES-MaACL
_jL-942
_bR.101924
999 _c110515
_d110515